Pays dont la capitale commence par A - Mort Subite - Statistiques

Statistiques générales
  • Ce quiz a été pris 509 fois
  • Le résultat moyen est 10 sur 16
Answers on the Grid
Answers color-coded by a green-red scale on the quiz's grid according to % correct below.
Émirats Arabes Unis
Nigeria
Ghana
Turkménistan
Éthiopie
Algérie
Jordanie
Pays-Bas
Andorre
Turquie
Madagascar
Samoa
Érythrée
Kazakhstan
Paraguay
Grèce
France
Arménie
Australie
Chine
Pakistan
Canada
Norvège
Oman
Albanie
Arabie Saoudite
Allemagne
Seychelles
Somalie
Belgique
 
Statistiques - réponses
Réponse % Correct
Athènes Grèce
89%
Alger Algérie
86%
Amsterdam Pays-Bas
86%
Andorre-la-Vieille Andorre
84%
Ankara Turquie
79%
Antananarivo Madagascar
62%
Abou Dabi Émirats Arabes Unis
57%
Amman Jordanie
56%
Addis-Abeba Éthiopie
55%
Astana Kazakhstan
55%
Asunción Paraguay
54%
Accra Ghana
52%
Abuja Nigeria
46%
Achgabat Turkménistan
43%
Apia Samoa
42%
Asmara Érythrée
40%
Aucun quiz correspondant
Distribution des résultats
% des personnes avec chaque résultat
Percentile par nombre de réponses
Votre historique - résultats
Vous n’avez pas pris ce quiz